000
00347 a2200169 4500
001
183230
020
_a
85-03-00339-2
040
_c
Magnum
100
_a
Rego, José Lins do
240
1
0
_a
Fogo morto
_l
por
245
1
0
_a
Fogo morto
300
_a
245
362
0
_a
1995
440
1
_a
José Olympio
697
_a
LITERATURA GERAL
942
_c
BK
999
_c
183230
_d
183230